Culture générale - Paris vs NY - Statistiques

Statistiques générales
  • Ce quiz a été pris 53 fois
  • Le résultat moyen est 8 sur 20
Statistiques - réponses
Question Réponse % Correct
NYC: Dans quelle main la Statue de la Liberté tient elle le flambeau ? Droite
89%
NYC: Combien d'arrondissements (boroughs) forment la ville de New York ? 5
86%
Paris: Quel est le plus petit arrondissement ? 2eme
80%
Paris ou NY: Quelle ville est la plus au Nord ? Paris
77%
Paris: Combien y a t-il d'arrondissements à Paris ? 20
73%
Paris ou NY: Quelle ville compte le plus d'habitants ? NY
73%
Paris: Combien y a t-il de lignes de métro ? 16
55%
NYC: Quel est le plus grand borough ? Queens
52%
NYC: Les rues et les avenues sont perpendiculaires. Lesquelles sont axées Nord-Sud ? Avenues
50%
NYC: Citer une des 2 équipes de MLB (baseball) de la ville ? Yankees et Mets
36%
NYC: Combien y a t-il de lignes de métro ? 26
32%
NYC: Quel est le plus haut batiment de New-York ? One World Trade Center
30%
Paris: Qui a été le premier Maire de Paris (ère moderne) Jacques Chirac
25%
NY - Paris: Quel est le temps de trajet record en Concorde ? 2h59mn40s
23%
Paris: Quand a été inaugurée la Tour Montparnasse 1973
18%
Paris: Quelle est la plus longue rue de Paris ? Vaugirard
18%
Paris: Combien de ponts (et passerelles) enjambent la Seine dans Paris ? 37
16%
Paris: Combien d'Américains vivent à Paris ? 31.000
5%
NYC: Combien de Francais vivent à New-York ? 60.000-70.000
5%
Paris - NY: Quel est le temps de trajet record en Concorde ? 3h30
2%
Aucun quiz correspondant
Distribution des résultats
% des personnes avec chaque résultat
Percentile par nombre de réponses
Votre historique - résultats
Vous n’avez pas pris ce quiz